000 01520nam a22001577a 4500
999 _c517469
_d517469
008 210715b ||||| |||| 00| 0 eng d
100 _aDohler, Marian
_926687
245 _aThe architecture of organizations as missed opportunity in political research
260 _aPublic Administration: An International Quarterly
300 _a98(4), Dec, 2020: p.891-904
520 _aFew scholars in political science or public administration deny that organization matters. However, the rare application of an organizational perspective in research suggests otherwise. To revive the awareness of organizations as unit or level of analysis, attributed and generic properties are distinguished. Attributed properties, which dominate research, assign functions and patterns of behaviour to an organization. In contrast, generic properties refer to the constitutive elements of organizations that take effect before attributed properties. This article takes a closer look at four generic properties by examining their often-implicit use in current political science and public administration research. The aim is to demonstrate that the formal dimension, the goals, the expertise of personnel and organizational boundaries exert an independent influence on the output of political or public sector organizations. – Reproduced
650 _aPolitical research, Public sector organizations
_926688
773 _aPublic Administration: An International Quarterly
906 _aPUBLIC ADMINISTRATION - RESEARCH
942 _cAR